[Event "21. SCHACHFESTIVAL BASEL 2019 -- MASTER "]
[Site "?"]
[Date "2019.01.03"]
[Round "2.10"]
[White "Curien, Nicolas"]
[Black "Boricha, Ketan"]
[Result "0-1"]
[WhiteElo "2214"]
[BlackElo "2095"]
[PlyCount "68"]
[EventDate "2019.01.02"]

1. d4 Nf6 2. Nc3 d5 3. Bf4 c5 4. e3 a6 5. dxc5 Nc6 6. a3 e5 7. Bg5 d4 8. exd4
exd4 9. Ne4 Be7 10. Bxf6 gxf6 11. Bd3 h5 12. h4 Bg4 13. Qd2 Qd5 14. f3 Be6 15.
Ne2 f5 16. Nd6+ Bxd6 17. cxd6 O-O-O 18. Qf4 Qxd6 19. Kf2 Ne7 20. Rad1 Rd7 21.
Qg5 Rg8 22. Qxh5 Qe5 23. Qh6 Nd5 24. g3 f4 25. Be4 fxg3+ 26. Ke1 Ne3 27. Rd3 f5
28. Rxd4 Nxc2+ 29. Bxc2 Rxd4 30. Rg1 Bc4 31. Bxf5+ Qxf5 32. Nxd4 Qb1+ 33. Kd2
Qxb2+ 34. Nc2 Rd8+ 0-1

[Event "21. SCHACHFESTIVAL BASEL 2019 -- MASTER "]
[Site "?"]
[Date "2019.01.03"]
[Round "2.11"]
[White "Monteverde, Jonathan"]
[Black "Roe, Simon J"]
[Result "1/2-1/2"]
[WhiteElo "2120"]
[BlackElo "2210"]
[PlyCount "69"]
[EventDate "2019.01.02"]

1. d4 Nf6 2. c4 c5 3. d5 e5 4. Nc3 d6 5. e4 Be7 6. Bd3 Nbd7 7. Nf3 Nf8 8. h3
Ng6 9. Be3 h6 10. Qd2 Nh7 11. Ne2 Ng5 12. Neg1 Bd7 13. g3 Rb8 14. a4 Nh7 15. h4
Nf6 16. Nh2 Qc8 17. f3 Nh5 18. Ne2 O-O 19. b3 a6 20. Bf2 Nf6 21. Nf1 Bd8 22.
Ne3 Ne8 23. Nc3 Ba5 24. Ke2 Ne7 25. g4 Ng6 26. Bg3 Qd8 27. Nf5 Bxf5 28. gxf5
Nf4+ 29. Kf2 Nf6 30. Bxf4 exf4 31. Qb2 Bxc3 32. Qxc3 Nd7 33. Qd2 Ne5 34. Be2
Qf6 35. Qxf4 1/2-1/2

[Event "21. SCHACHFESTIVAL BASEL 2019 -- MASTER "]
[Site "?"]
[Date "2019.01.03"]
[Round "2.12"]
[White "Bartakke, Amardeep S"]
[Black "Vergara Anton, Diego"]
[Result "1-0"]
[WhiteElo "2249"]
[BlackElo "2040"]
[PlyCount "61"]
[EventDate "2019.01.02"]

1. e4 e6 2. d4 d5 3. Nd2 c5 4. exd5 Qxd5 5. Ngf3 cxd4 6. Bc4 Qd8 7. O-O Nc6 8.
Nb3 a6 9. Qe2 Qc7 10. Rd1 Bd6 11. Nbxd4 Nge7 12. c3 Nxd4 13. Rxd4 O-O 14. Bd3
Ng6 15. Rc4 Qe7 16. Ng5 h6 17. Qh5 Bxh2+ 18. Qxh2 hxg5 19. Qh5 Qe8 20. Bxg5 f5
21. Re1 e5 22. Rc7 e4 23. Bc4+ Be6 24. Re7 Nxe7 25. Bxe6+ Rf7 26. Bxe7 Qxe7 27.
Qxf5 Rd8 28. Rxe4 Rd1+ 29. Kh2 Qc7+ 30. Rf4 Rd2 31. Bxf7+ 1-0

[Event "21. SCHACHFESTIVAL BASEL 2019 -- MASTER "]
[Site "?"]
[Date "2019.01.03"]
[Round "2.13"]
[White "Hoffmann, Achim Gunter"]
[Black "Shah, Rishab"]
[Result "0-1"]
[WhiteElo "2135"]
[BlackElo "2086"]
[PlyCount "92"]
[EventDate "2019.01.02"]

1. e4 c5 2. Nf3 d6 3. d4 cxd4 4. Nxd4 Nf6 5. Nc3 g6 6. Be3 Bg7 7. Be2 O-O 8.
O-O Nc6 9. h3 Bd7 10. Qd2 a6 11. f4 Rc8 12. Nf3 Be6 13. Ng5 b5 14. Nd5 Bxd5 15.
exd5 Na5 16. f5 h6 17. Nxf7 Rxf7 18. fxg6 Rf8 19. Bxh6 Qb6+ 20. Be3 Bh6 21.
Bxb6 Bxd2 22. c3 Nc4 23. Bxc4 bxc4 24. Rad1 Nxd5 25. Bf2 Ne3 26. Rxd2 Nxf1 27.
Kxf1 Rf6 28. g4 Rxg6 29. Bh4 e5 30. Be7 Re6 31. Bg5 Kf7 32. h4 Rg6 33. Rg2 Ke6
34. Be3 Rf8+ 35. Ke2 Rh8 36. Bf2 Rb8 37. g5 Rxb2+ 38. Kf1 Kf5 39. Rg3 Kf4 40.
Rh3 Rg7 41. Rh2 Ke4 42. a4 d5 43. a5 d4 44. cxd4 c3 45. Ke1 exd4 46. h5 Rb1+
0-1

[Event "21. SCHACHFESTIVAL BASEL 2019 -- MASTER "]
[Site "?"]
[Date "2019.01.03"]
[Round "2.14"]
[White "Faraone, Ettore"]
[Black "Simon, Ralf-Axel"]
[Result "0-1"]
[WhiteElo "2124"]
[BlackElo "2075"]
[PlyCount "52"]
[EventDate "2019.01.02"]

1. e4 c5 2. Nf3 d6 3. d4 cxd4 4. Nxd4 Nf6 5. Nc3 a6 6. Be2 e6 7. Be3 Be7 8. O-O
Qc7 9. a4 b6 10. f4 Bb7 11. Bf3 Nbd7 12. Nb3 Nc5 13. Nxc5 bxc5 14. b3 Nd7 15.
Qd2 O-O 16. Rad1 Rad8 17. Nb1 d5 18. exd5 exd5 19. Qe1 Nf6 20. Bd2 Rde8 21. Ba5
Qb8 22. Rd3 Bd6 23. Qd2 Ne4 24. Bxe4 Rxe4 25. Nc3 Rd4 26. Qf2 Rxf4 0-1

[Event "21. SCHACHFESTIVAL BASEL 2019 -- MASTER "]
[Site "?"]
[Date "2019.01.03"]
[Round "2.15"]
[White "HÃnggi, Markus"]
[Black "Dekan, Hans"]
[Result "0-1"]
[WhiteElo "2064"]
[BlackElo "2123"]
[PlyCount "88"]
[EventDate "2019.01.02"]

1. e4 c5 2. Nc3 Nc6 3. Bb5 Nd4 4. Nge2 a6 5. Bd3 d6 6. O-O g6 7. Nxd4 cxd4 8.
Ne2 Bg7 9. f4 Nh6 10. Qe1 O-O 11. f5 Ng4 12. Qg3 Ne5 13. b3 Nxd3 14. Qxd3 d5
15. fxg6 hxg6 16. Ng3 dxe4 17. Qxe4 d3 18. c3 Qd6 19. Rf3 Rd8 20. Bb2 f5 21.
Qh4 e5 22. c4 Qf6 23. Qxf6 Bxf6 24. Re1 Re8 25. Ne4 Bh4 26. Ng3 e4 27. Rxd3 Be6
28. Rd6 Rad8 29. Rxd8 Rxd8 30. Re2 a5 31. a4 Rd3 32. Bc3 Bd8 33. Nf1 Bb6+ 34.
Kh1 Kf7 35. h3 Bd7 36. Ne3 Bc6 37. Kh2 Ke6 38. g3 g5 39. Re1 f4 40. gxf4 gxf4
41. Ng4 Bd4 42. Rc1 e3 43. Nxe3 fxe3 44. dxe3 Bxc3 0-1

[Event "21. SCHACHFESTIVAL BASEL 2019 -- MASTER "]
[Site "?"]
[Date "2019.01.03"]
[Round "2.16"]
[White "Pernutz, Hans-Gerhard"]
[Black "Maloberti, David"]
[Result "1-0"]
[WhiteElo "2053"]
[BlackElo "2112"]
[PlyCount "93"]
[EventDate "2019.01.02"]

1. e4 e6 2. d4 d5 3. Nd2 Be7 4. Ngf3 Nf6 5. Bd3 O-O 6. Qe2 c5 7. dxc5 Bxc5 8.
O-O Nc6 9. c3 Re8 10. e5 Nd7 11. Nb3 Be7 12. Nbd4 Nf8 13. g3 f6 14. Nxc6 bxc6
15. Nd4 Qb6 16. Nxc6 Bb7 17. Nxe7+ Rxe7 18. Be3 Qc6 19. Bb5 Qc7 20. Bd4 f5 21.
f4 a6 22. Bd3 Nd7 23. Qe3 Qa5 24. Rf2 Bc6 25. a4 Qc7 26. b4 Kh8 27. Rfa2 Bb7
28. h3 Rg8 29. Rg2 g6 30. a5 Reg7 31. h4 Nb8 32. Rb2 Rc8 33. Ra3 h6 34. b5 axb5
35. Rxb5 Na6 36. Rb6 Qe7 37. Rab3 Rc7 38. Bxa6 Bxa6 39. Rxa6 g5 40. Rb8+ Kh7
41. fxg5 hxg5 42. Qe2 g4 43. Raa8 Qa3 44. Rh8+ Kg6 45. h5+ Kf7 46. Rhf8+ Ke7
47. Rae8+ 1-0

[Event "21. SCHACHFESTIVAL BASEL 2019 -- MASTER "]
[Site "?"]
[Date "2019.01.03"]
[Round "2.17"]
[White "Schmahl, Stephan"]
[Black "Rahimi, Rahim"]
[Result "1-0"]
[WhiteElo "2111"]
[BlackElo "2060"]
[PlyCount "123"]
[EventDate "2019.01.02"]

1. d4 c5 2. d5 e6 3. c4 exd5 4. cxd5 d6 5. Nc3 g6 6. e4 a6 7. a4 Bg7 8. Bd3 Nh6
9. Nf3 f6 10. O-O Nf7 11. Nd2 Nd7 12. f4 O-O 13. Kh1 b6 14. Nc4 Rb8 15. Bd2 Qc7
16. Qb3 Re8 17. h3 Nf8 18. Rae1 Bd7 19. Na3 Qc8 20. Kh2 f5 21. exf5 Rxe1 22.
Rxe1 Bxf5 23. Qc4 Bxd3 24. Qxd3 Nd7 25. Qe2 Nf6 26. g4 Qb7 27. Qd3 Kh8 28. Re6
Ng8 29. Qe2 Rf8 30. Nc4 Qc7 31. g5 Rd8 32. h4 Rd7 33. h5 Nd8 34. Re8 gxh5 35.
Qxh5 Re7 36. Rxe7 Qxe7 37. Nxb6 Qf8 38. Nc4 Ne7 39. Qe2 Nf5 40. Qe4 Qf7 41. Kg2
h6 42. Nd1 hxg5 43. fxg5 Bd4 44. Nde3 Bxe3 45. Nxe3 Ne7 46. Bc3+ Kg8 47. Ng4
Kf8 48. Nf6 Qg6 49. Qxg6 Nxg6 50. Kg3 Nf7 51. Kg4 Ke7 52. Ng8+ Kf8 53. Nh6
Nfe5+ 54. Kf5 Ne7+ 55. Ke6 Nf3 56. Bf6 Ng6 57. Kxd6 c4 58. Kc5 Nge5 59. Kb4 Nd7
60. Kxc4 Nb6+ 61. Kc5 Nxa4+ 62. Kc6 1-0

[Event "21. SCHACHFESTIVAL BASEL 2019 -- MASTER "]
[Site "?"]
[Date "2019.01.03"]
[Round "2.18"]
[White "Bender, Dirk"]
[Black "Bub, Volker"]
[Result "0-1"]
[WhiteElo "2040"]
[BlackElo "2108"]
[PlyCount "82"]
[EventDate "2019.01.02"]

1. c4 Nf6 2. g3 g6 3. Bg2 Bg7 4. Nc3 O-O 5. e3 d6 6. Nge2 e5 7. O-O c6 8. Rb1
Be6 9. b3 d5 10. Ba3 Re8 11. cxd5 cxd5 12. d4 e4 13. Qc1 Qd7 14. Na4 b6 15.
Nac3 h5 16. Qd2 Na6 17. Rbc1 Bh6 18. Rc2 Bh3 19. Kh1 Nc7 20. Ng1 Bxg2+ 21. Kxg2
h4 22. Nd1 Rac8 23. Nc3 hxg3 24. hxg3 Ne6 25. Rfc1 Ng5 26. Qe2 Bf8 27. Bxf8
Kxf8 28. Nb5 Rxc2 29. Rxc2 a6 30. Nc7 Rd8 31. Nxa6 Kg7 32. Rc7 Qf5 33. Rc6 Rh8
34. Rxf6 Kxf6 35. Nc7 Nf3 36. Qb5 Rh2+ 37. Kf1 Rh1 38. Qc6+ Kg7 39. Ne8+ Kh8
40. Qc3 Rxg1+ 41. Ke2 Qh3 0-1

[Event "21. SCHACHFESTIVAL BASEL 2019 -- MASTER "]
[Site "?"]
[Date "2019.01.03"]
[Round "2.19"]
[White "Wirz, Heinz"]
[Black "Ananya, Rishi Gupta"]
[Result "0-1"]
[WhiteElo "2099"]
[BlackElo "1976"]
[PlyCount "158"]
[EventDate "2019.01.02"]

1. d4 d5 2. Nf3 Nf6 3. c4 c6 4. cxd5 cxd5 5. Nc3 Nc6 6. Bf4 e6 7. e3 Bd6 8.
Bxd6 Qxd6 9. Bd3 O-O 10. O-O Bd7 11. Rc1 Rac8 12. Bb5 a6 13. Bxc6 Bxc6 14. Ne5
Nd7 15. f4 f6 16. Nxd7 Qxd7 17. Qg4 Qe7 18. a3 Rfd8 19. Kh1 Qd6 20. Rc2 Bb5 21.
Nxb5 axb5 22. Rfc1 Rxc2 23. Rxc2 f5 24. Qh4 Ra8 25. Rc5 b4 26. a4 Qd7 27. b3 b5
28. a5 Rxa5 29. h3 Ra3 30. Qe1 Rxb3 31. Qc1 Rc3 32. Rxc3 bxc3 33. Qxc3 Kf7 34.
Qb4 Qc6 35. Kh2 h6 36. h4 Qc1 37. Qxb5 Qxe3 38. Qd7+ Kf6 39. Qd8+ Kg6 40. Qe8+
Kh7 41. h5 Qxf4+ 42. g3 Qf2+ 43. Kh3 Qf1+ 44. Kh2 Qe2+ 45. Kg1 Qg4 46. Kh2 f4
47. gxf4 Qxf4+ 48. Kg2 Qf6 49. Kh2 g6 50. Qd7+ Kg8 51. Qc8+ Kg7 52. Qc7+ Qf7
53. Qe5+ Kh7 54. hxg6+ Kxg6 55. Qg3+ Kh7 56. Qd6 Qf2+ 57. Kh3 Qe3+ 58. Kh2 Kg6
59. Qd7 Kf6 60. Qe8 Qf4+ 61. Kh1 Qh4+ 62. Kg2 Qe4+ 63. Kh2 Kg5 64. Qg8+ Kf4 65.
Qg3+ Kf5 66. Qh3+ Qg4 67. Qd3+ Kf4 68. Qd2+ Ke4 69. Qc2+ Ke3 70. Qc3+ Kf2 71.
Qd2+ Qe2 72. Qf4+ Ke1+ 73. Kg1 Kd1 74. Qf6 h5 75. Kh1 h4 76. Kg1 h3 77. Qg6
Qg2+ 78. Qxg2 hxg2 79. Kxg2 Ke2 0-1

[Event "21. SCHACHFESTIVAL BASEL 2019 -- MASTER "]
[Site "?"]
[Date "2019.01.03"]
[Round "3.1"]
[White "Hort, Vlastimil"]
[Black "Narayanan.S.L"]
[Result "0-1"]
[WhiteElo "2419"]
[BlackElo "2575"]
[PlyCount "136"]
[EventDate "2019.01.02"]

1. Nf3 d5 2. d4 Nf6 3. c4 e6 4. e3 a6 5. b3 c5 6. Bb2 cxd4 7. Nxd4 Bb4+ 8. Nd2
O-O 9. a3 Be7 10. Be2 Nc6 11. O-O Bd7 12. Qb1 dxc4 13. Nxc4 b5 14. Nxc6 Bxc6
15. Rd1 Bd5 16. Ne5 Qc7 17. Bf3 Rac8 18. Bxd5 Nxd5 19. Rc1 Qb7 20. Qd3 Bf6 21.
Bd4 Rfd8 22. Qe4 Rc7 23. Nd3 Bxd4 24. Qxd4 Rdc8 25. Rxc7 Qxc7 26. g3 Nc3 27.
Kf1 f6 28. b4 e5 29. Qg4 Qc4 30. h3 Qxg4 31. hxg4 Ne4 32. Rc1 Rxc1+ 33. Nxc1
Kf7 34. Nb3 Ke6 35. f3 Nc3 36. e4 Kd6 37. Nc5 Kc6 38. Kf2 a5 39. Ne6 a4 40.
Nxg7 Nb1 41. Ke3 Nxa3 42. Kd3 Nc4 43. Kc3 Kd7 44. Nf5 a3 45. Kb3 Nd2+ 46. Kxa3
Nxf3 47. Kb3 Nd2+ 48. Kc3 Nxe4+ 49. Kd3 Nf2+ 50. Ke2 Nxg4 51. Kf3 h5 52. Ng7
Ke7 53. Nxh5 f5 54. Ng7 Nh6 55. g4 fxg4+ 56. Ke4 Nf7 57. Nh5 Ke6 58. Ng7+ Kf6
59. Ne8+ Kg5 60. Nc7 Nd6+ 61. Kxe5 g3 62. Nd5 Nc4+ 63. Ke4 Kg4 64. Nf4 Na3 65.
Ne2 Nc2 66. Kd5 Kf3 67. Ng1+ Kf2 68. Nh3+ Kf1 0-1

[Event "21. SCHACHFESTIVAL BASEL 2019 -- MASTER "]
[Site "?"]
[Date "2019.01.03"]
[Round "3.2"]
[White "Petre, Nad-Titus"]
[Black "Chatalbashev, Boris"]
[Result "1/2-1/2"]
[WhiteElo "2308"]
[BlackElo "2531"]
[PlyCount "62"]
[EventDate "2019.01.02"]

1. e4 g6 2. d4 Bg7 3. Nc3 d6 4. f4 Nf6 5. Nf3 O-O 6. e5 Nfd7 7. Bc4 Nb6 8. Bb3
Nc6 9. O-O Na5 10. Qe2 c6 11. Bd2 Nxb3 12. axb3 Bf5 13. Be1 f6 14. Bg3 Nd5 15.
Nh4 Bc8 16. Nxd5 cxd5 17. exd6 exd6 18. Qb5 Qe7 19. Qxd5+ Be6 20. Qb5 a6 21.
Qe2 Qd7 22. f5 Bf7 23. fxg6 hxg6 24. Qd3 Qg4 25. Rf4 Qh5 26. Re4 f5 27. Ree1
Bd5 28. Nf3 Bxf3 29. gxf3 f4 30. Bf2 Rf5 31. Kh1 Bf6 1/2-1/2

[Event "21. SCHACHFESTIVAL BASEL 2019 -- MASTER "]
[Site "?"]
[Date "2019.01.03"]
[Round "3.3"]
[White "Gomes, Mary Ann"]
[Black "Perske, Thore"]
[Result "0-1"]
[WhiteElo "2296"]
[BlackElo "2441"]
[PlyCount "114"]
[EventDate "2019.01.02"]

1. Nf3 Nf6 2. c4 g6 3. Nc3 Bg7 4. g3 O-O 5. Bg2 d6 6. O-O e5 7. d3 Nc6 8. Rb1
a5 9. Ne1 Re8 10. Nc2 Nd4 11. e3 Nxc2 12. Qxc2 c6 13. b4 axb4 14. Rxb4 Bf8 15.
Ra4 Be6 16. e4 Rxa4 17. Qxa4 Qa8 18. Qxa8 Rxa8 19. f4 exf4 20. gxf4 Bg7 21. a3
Nd7 22. f5 Bxc3 23. fxe6 fxe6 24. Bh3 Bd4+ 25. Kg2 Nc5 26. Bf4 Be5 27. d4 Bxd4
28. Bxd6 e5 29. Bxc5 Bxc5 30. Be6+ Kh8 31. Rb1 b6 32. Bd7 Rxa3 33. Bxc6 Ra2+
34. Kg3 Kg7 35. Bd5 Bf2+ 36. Kf3 Bd4 37. Kg3 h5 38. Rf1 g5 39. h4 Ra3+ 40. Rf3
gxh4+ 41. Kg2 h3+ 42. Rxh3 Ra2+ 43. Kh1 Kg6 44. Rg3+ Kf6 45. Rg2 Ra1+ 46. Kh2
Be3 47. Rg8 Ra2+ 48. Kg3 Bf4+ 49. Kf3 Ra3+ 50. Kg2 h4 51. Rh8 Rg3+ 52. Kf2 h3
53. Rh6+ Kg5 54. Rxb6 h2 55. Rb1 Kg4 56. Rh1 Be3+ 57. Ke2 Kh3 0-1

[Event "21. SCHACHFESTIVAL BASEL 2019 -- MASTER "]
[Site "?"]
[Date "2019.01.03"]
[Round "3.4"]
[White "Malakhatko, Vadim"]
[Black "Faibisovich, Vadim Z"]
[Result "1-0"]
[WhiteElo "2533"]
[BlackElo "2304"]
[PlyCount "103"]
[EventDate "2019.01.02"]

1. c4 e5 2. e3 Nf6 3. Nc3 Bb4 4. Nge2 O-O 5. a3 Bxc3 6. Nxc3 d5 7. cxd5 Nxd5 8.
Qc2 Nxc3 9. bxc3 c5 10. Be2 Nc6 11. O-O Be6 12. c4 Qd7 13. Bb2 Rad8 14. Rad1
Bg4 15. f3 Bf5 16. d3 Rfe8 17. Qc3 f6 18. Bc1 Re6 19. Rf2 Rd6 20. e4 Bg6 21.
Bf1 b6 22. Re1 Nd4 23. g3 Bh5 24. Re3 Qa4 25. Kg2 Qd1 26. Bb2 Re8 27. Qc1 Qxc1
28. Bxc1 Rb8 29. g4 Be8 30. f4 Bd7 31. Rg3 Re8 32. g5 exf4 33. Bxf4 Rde6 34.
Be3 fxg5 35. Rxg5 Rg6 36. Rxg6 hxg6 37. h4 Rf8 38. Rxf8+ Kxf8 39. Bxd4 cxd4 40.
Kg3 Ke7 41. Kf4 Kd6 42. e5+ Kc5 43. Bg2 b5 44. cxb5 Kxb5 45. Bd5 Ka4 46. e6 Bb5
47. Bc4 Be8 48. Ba6 Kxa3 49. Bc8 Ba4 50. Bd7 Bb3 51. e7 Bf7 52. Ke5 1-0

[Event "21. SCHACHFESTIVAL BASEL 2019 -- MASTER "]
[Site "?"]
[Date "2019.01.03"]
[Round "3.5"]
[White "Staub, Gerhard"]
[Black "Beukema, Stefan"]
[Result "0-1"]
[WhiteElo "2010"]
[BlackElo "2414"]
[PlyCount "56"]
[EventDate "2019.01.02"]

1. e4 e5 2. Nf3 Nc6 3. Bb5 a6 4. Bxc6 dxc6 5. Nc3 f6 6. d4 exd4 7. Qxd4 Qxd4 8.
Nxd4 c5 9. Nde2 Be6 10. Nf4 Bf7 11. Nfd5 O-O-O 12. Bf4 Rd7 13. Rd1 Ne7 14.
Nxe7+ Bxe7 15. Rxd7 Kxd7 16. O-O Kc6 17. Rd1 Re8 18. g4 b5 19. Nd5 Bd6 20. Bc1
Be6 21. f3 a5 22. Kh1 a4 23. a3 Be5 24. Ne3 g6 25. c3 h5 26. h3 h4 27. Ng2 g5
28. Ne3 Bf4 0-1

[Event "21. SCHACHFESTIVAL BASEL 2019 -- MASTER "]
[Site "?"]
[Date "2019.01.03"]
[Round "3.6"]
[White "Boricha, Ketan"]
[Black "Krishna, C R G."]
[Result "0-1"]
[WhiteElo "2095"]
[BlackElo "2469"]
[PlyCount "40"]
[EventDate "2019.01.02"]

1. e4 e6 2. d4 d5 3. Bd3 c5 4. exd5 exd5 5. Nf3 Nf6 6. O-O Be7 7. dxc5 Bxc5 8.
Re1+ Be6 9. Be3 Bxe3 10. Rxe3 O-O 11. Nd4 Nc6 12. Nxe6 fxe6 13. Rxe6 Qb6 14.
Nc3 Qxb2 15. Nb5 Qb4 16. Nc7 Rad8 17. Rb1 Qf4 18. Rxb7 Ng4 19. Qe1 Qxh2+ 20.
Kf1 Nd4 0-1

[Event "21. SCHACHFESTIVAL BASEL 2019 -- MASTER "]
[Site "?"]
[Date "2019.01.03"]
[Round "3.7"]
[White "Heinemann, Josefine"]
[Black "Schmahl, Stephan"]
[Result "1-0"]
[WhiteElo "2304"]
[BlackElo "2111"]
[PlyCount "75"]
[EventDate "2019.01.02"]

1. e4 e6 2. d4 d5 3. Nd2 Nf6 4. e5 Nfd7 5. Bd3 c5 6. c3 Nc6 7. Ne2 cxd4 8. cxd4
f6 9. exf6 Nxf6 10. Nf3 Bd6 11. O-O O-O 12. Bf4 Bxf4 13. Nxf4 Ne4 14. Ne2 Nd6
15. Nc3 Bd7 16. Qd2 Kh8 17. Qe3 Nf5 18. Bxf5 Rxf5 19. Rac1 Qf6 20. Ne2 Rf8 21.
Ng3 Rxf3 22. Qxf3 Qxf3 23. gxf3 Nxd4 24. f4 Bc6 25. f5 Nxf5 26. Nxf5 Rxf5 27.
f4 g5 28. Rce1 Bd7 29. Re5 Rxf4 30. Rxg5 Rxf1+ 31. Kxf1 Bb5+ 32. Kf2 Bd3 33.
Ke3 Bg6 34. Kd4 Kg7 35. Ke5 Kf7 36. h4 Ke7 37. h5 Bf5 38. Rg7+ 1-0

[Event "21. SCHACHFESTIVAL BASEL 2019 -- MASTER "]
[Site "?"]
[Date "2019.01.03"]
[Round "3.8"]
[White "Beukema, Jasper"]
[Black "Bub, Volker"]
[Result "1-0"]
[WhiteElo "2290"]
[BlackElo "2108"]
[PlyCount "63"]
[EventDate "2019.01.02"]

1. d4 g6 2. e4 Bg7 3. Nf3 d6 4. Nc3 e6 5. Bd3 Nd7 6. O-O Ne7 7. Ne2 e5 8. c3
O-O 9. Ng3 c5 10. dxc5 dxc5 11. Be3 Qc7 12. Qe2 Nf6 13. h3 h6 14. Bc4 Ne8 15.
Rfd1 b6 16. Qd2 Kh7 17. Rac1 a6 18. a4 Qc6 19. a5 Rb8 20. axb6 a5 21. b4 axb4
22. cxb4 cxb4 23. Qxb4 Qf6 24. Bb5 Rg8 25. Bc5 Nc6 26. Qa4 Bb7 27. Rd7 Nd4 28.
Nxd4 exd4 29. Bxd4 Qf4 30. Be3 Qf6 31. Rxb7 Rxb7 32. Bxe8 1-0

[Event "21. SCHACHFESTIVAL BASEL 2019 -- MASTER "]
[Site "?"]
[Date "2019.01.03"]
[Round "3.9"]
[White "Shah, Rishab"]
[Black "Bartakke, Amardeep S"]
[Result "1-0"]
[WhiteElo "2086"]
[BlackElo "2249"]
[PlyCount "129"]
[EventDate "2019.01.02"]

1. e4 c5 2. Nc3 a6 3. a4 Nc6 4. f4 g6 5. Nf3 Bg7 6. Bc4 e6 7. f5 Nge7 8. fxe6
dxe6 9. O-O O-O 10. d3 Nd4 11. Ne2 Nxf3+ 12. Rxf3 Nc6 13. Rf1 Ne5 14. Bb3 b6
15. Qe1 Bb7 16. Qg3 c4 17. dxc4 Bxe4 18. Bf4 Qc7 19. Rae1 Qc5+ 20. Be3 Qb4 21.
Bd4 Nxc4 22. Bxg7 Kxg7 23. Nf4 Qc5+ 24. Kh1 Nd2 25. Rf2 Nxb3 26. Rxe4 Rad8 27.
Re1 Nd4 28. b4 Qd6 29. Nh5+ Kh8 30. Qh4 f5 31. Nf4 Kg8 32. c3 Nc6 33. Rf3 e5
34. Rd3 Qb8 35. Nd5 e4 36. Rh3 Rf7 37. Nf6+ Kg7 38. Nxh7 Qe5 39. Qh6+ Kg8 40.
Ng5 Qf6 41. Qh8+ Qxh8 42. Rxh8+ Kxh8 43. Nxf7+ Kg7 44. Nxd8 Nxd8 45. Kg1 Kf6
46. Rd1 Ke7 47. Kf2 Nc6 48. g4 Ke6 49. gxf5+ gxf5 50. Rg1 Ne5 51. Ke3 Nf3 52.
Rh1 Ke5 53. h4 f4+ 54. Ke2 Kf5 55. h5 Ne5 56. h6 f3+ 57. Ke3 Ng4+ 58. Kd4 e3
59. h7 e2 60. h8=Q f2 61. Qf8+ Nf6 62. Qc8+ Kg5 63. Qh3 Ng4 64. Qh5+ Kf4 65.
Rh4 1-0

[Event "21. SCHACHFESTIVAL BASEL 2019 -- MASTER "]
[Site "?"]
[Date "2019.01.03"]
[Round "3.10"]
[White "Hess, Christian Mathias"]
[Black "Simon, Ralf-Axel"]
[Result "1/2-1/2"]
[WhiteElo "2220"]
[BlackElo "2075"]
[PlyCount "24"]
[EventDate "2019.01.02"]

1. Nf3 c5 2. c4 Nc6 3. Nc3 g6 4. e3 Nf6 5. d4 cxd4 6. exd4 d5 7. cxd5 Nxd5 8.
Qb3 e6 9. Bb5 Bg7 10. O-O O-O 11. Bxc6 bxc6 12. Re1 Qb6 1/2-1/2

[Event "21. SCHACHFESTIVAL BASEL 2019 -- MASTER "]
[Site "?"]
[Date "2019.01.03"]
[Round "3.11"]
[White "Roe, Simon J"]
[Black "Pernutz, Hans-Gerhard"]
[Result "1-0"]
[WhiteElo "2210"]
[BlackElo "2053"]
[PlyCount "71"]
[EventDate "2019.01.02"]

1. Nf3 c5 2. c4 Nc6 3. Nc3 g6 4. e3 Nf6 5. d4 cxd4 6. exd4 d5 7. cxd5 Nxd5 8.
Qb3 e6 9. Bb5 Bg7 10. Bg5 Qa5 11. O-O O-O 12. Rfd1 Nce7 13. Rac1 a6 14. Bc4 b5
15. Bxd5 Nxd5 16. Nxd5 exd5 17. Ne5 Be6 18. Nc6 Qb6 19. Qf3 Qb7 20. h3 Rfe8 21.
Na5 Qb6 22. Nb3 Rac8 23. Nc5 Bxd4 24. Rxd4 Rxc5 25. Rcd1 f5 26. Be3 Qc6 27. Qg3
Bf7 28. h4 Rc4 29. Qg5 Re4 30. b3 Rcxd4 31. Bxd4 Qe6 32. Qh6 Rxd4 33. Rxd4 Qe1+
34. Kh2 Qe5+ 35. Qf4 Qxf4+ 36. Rxf4 1-0

[Event "21. SCHACHFESTIVAL BASEL 2019 -- MASTER "]
[Site "?"]
[Date "2019.01.03"]
[Round "3.12"]
[White "Bounlom, Jannik"]
[Black "Wenner, Tobias"]
[Result "1-0"]
[WhiteElo "1892"]
[BlackElo "2125"]
[PlyCount "77"]
[EventDate "2019.01.02"]

1. e4 c5 2. Nf3 Nc6 3. d4 cxd4 4. Nxd4 Nf6 5. Nc3 d6 6. Bg5 a6 7. Qd2 e6 8.
O-O-O Bd7 9. f4 b5 10. a3 Qb6 11. Be2 b4 12. axb4 Qxb4 13. e5 dxe5 14. Nxc6
Bxc6 15. Bf3 Bxf3 16. gxf3 Rb8 17. b3 Qa5 18. Kb1 Be7 19. fxe5 Rd8 20. Qe3 Nd5
21. Nxd5 Bxg5 22. Qxg5 Rxd5 23. Qxg7 Rf8 24. f4 Ke7 25. Qxh7 Rb8 26. Qh4+ Kd7
27. Qf6 Rf8 28. Qg7 Qb4 29. h4 a5 30. Rxd5+ exd5 31. e6+ Kxe6 32. Qe5+ Kd7 33.
Qxd5+ Kc7 34. h5 a4 35. h6 axb3 36. Qxb3 Qe4 37. Qc3+ Kb7 38. Rf1 Rc8 39. Qf3
1-0

[Event "21. SCHACHFESTIVAL BASEL 2019 -- MASTER "]
[Site "?"]
[Date "2019.01.03"]
[Round "3.13"]
[White "Dekan, Hans"]
[Black "Oparaugo, Thomas"]
[Result "0-1"]
[WhiteElo "2123"]
[BlackElo "2045"]
[PlyCount "96"]
[EventDate "2019.01.02"]

1. e4 e5 2. Nf3 Nc6 3. Bb5 a6 4. Ba4 Nf6 5. d3 d6 6. h3 b5 7. Bb3 Na5 8. Bg5
Nxb3 9. axb3 Be7 10. Nc3 Bb7 11. O-O c5 12. Ne2 h6 13. Be3 Nh5 14. g4 Nf6 15.
Ng3 g6 16. Nh2 g5 17. Nf5 Bc8 18. Ng7+ Kf8 19. Nf5 Bxf5 20. exf5 d5 21. Re1 Kg7
22. Nf1 Bd6 23. Ng3 Qc7 24. Kg2 Qc6 25. Bd2 Rhe8 26. Qc1 Nh7 27. Nh5+ Kf8 28.
f3 e4 29. dxe4 dxe4 30. Qd1 Rad8 31. Qe2 Bc7 32. Rad1 exf3+ 33. Qxf3 Qxf3+ 34.
Kxf3 Rxe1 35. Rxe1 Rxd2 36. Ke3 Rxc2 37. Rd1 Be5 38. Rd8+ Ke7 39. Ra8 Nf6 40.
Ra7+ Nd7 41. f6+ Bxf6 42. Nxf6 Kxf6 43. Rxd7 Rxb2 44. Rd6+ Kg7 45. Rd3 c4 46.
bxc4 bxc4 47. Rd6 Rb3+ 48. Kd4 Rd3+ 0-1

[Event "21. SCHACHFESTIVAL BASEL 2019 -- MASTER "]
[Site "?"]
[Date "2019.01.03"]
[Round "3.14"]
[White "Ananya, Rishi Gupta"]
[Black "Monteverde, Jonathan"]
[Result "1/2-1/2"]
[WhiteElo "1976"]
[BlackElo "2120"]
[PlyCount "64"]
[EventDate "2019.01.02"]

1. e4 e6 2. d4 d5 3. Nd2 Nf6 4. e5 Nfd7 5. Bd3 c5 6. c3 Nc6 7. Ne2 cxd4 8. cxd4
f6 9. exf6 Nxf6 10. Nf3 Bd6 11. O-O Qc7 12. h3 O-O 13. Nc3 a6 14. Bg5 Nh5 15.
Ne2 Bd7 16. Rc1 Nf4 17. Nxf4 Bxf4 18. Bxf4 Rxf4 19. Ne5 g6 20. Bb1 Qd6 21. Nxc6
Bxc6 22. g3 Rf6 23. Qd2 Raf8 24. Rce1 Bb5 25. Bd3 Bd7 26. Re3 Qb6 27. Be2 Qd6
28. Bd3 Re8 29. Re5 Qf8 30. Kg2 Rc8 31. Ree1 Re8 32. Re5 Rc8 1/2-1/2

[Event "21. SCHACHFESTIVAL BASEL 2019 -- MASTER "]
[Site "?"]
[Date "2019.01.03"]
[Round "3.15"]
[White "Vergara Anton, Diego"]
[Black "Perreard, Nicolas"]
[Result "1-0"]
[WhiteElo "2040"]
[BlackElo "2032"]
[PlyCount "57"]
[EventDate "2019.01.02"]

1. d4 Nf6 2. Nf3 d5 3. g3 e6 4. Bg2 Be7 5. O-O O-O 6. c4 b6 7. cxd5 Nxd5 8. Ne5
Bb7 9. Nd2 Nd7 10. Nd3 c5 11. e4 N5f6 12. e5 Nd5 13. Nf4 Qc7 14. Nxd5 exd5 15.
Nf3 cxd4 16. Bf4 Nc5 17. Nxd4 Qd7 18. Re1 Ba6 19. e6 fxe6 20. Nxe6 Nd3 21. Re3
Nxf4 22. gxf4 Rf5 23. Bh3 Rf6 24. Ng5 Qd6 25. Rxe7 Raf8 26. Be6+ Kh8 27. Qh5
Bd3 28. f5 Rh6 29. Qxh6 1-0

[Event "21. SCHACHFESTIVAL BASEL 2019 -- MASTER "]
[Site "?"]
[Date "2019.01.03"]
[Round "3.16"]
[White "Hoffmann, Achim Gunter"]
[Black "Curien, Nicolas"]
[Result "1-0"]
[WhiteElo "2135"]
[BlackElo "2214"]
[PlyCount "81"]
[EventDate "2019.01.02"]

1. e4 e6 2. d4 d5 3. Nc3 Bb4 4. e5 c5 5. a3 Bxc3+ 6. bxc3 Ne7 7. Nf3 b6 8. Bd3
Ba6 9. O-O Bxd3 10. cxd3 cxd4 11. Nxd4 Nbc6 12. Nf3 O-O 13. a4 Qd7 14. Re1 Rac8
15. Ba3 Rfd8 16. Qb3 Na5 17. Qb4 Nf5 18. g4 Nc6 19. Qf4 Nfe7 20. h4 Ng6 21. Qg3
Na5 22. h5 Nf8 23. Bb4 Nb3 24. Ra3 Nc5 25. Nd4 a6 26. a5 b5 27. f4 f6 28. exf6
gxf6 29. Qe3 e5 30. Nf5 exf4 31. Qd4 Re8 32. Raa1 Qc6 33. Rxe8 Rxe8 34. Bxc5
Qe6 35. Qxf4 Nd7 36. Bd4 Ne5 37. Qh6 Nf3+ 38. Kh1 Qf7 39. Nd6 Re2 40. Qf4 Qe6
41. Qxf3 1-0